000 01035njm a2200253 i 4500
001 4642
003 ES-MaACL
005 20240621063003.0
007 s|r|||||||||||
008 070803s1966 sp ||| g ||||||||1|nspa d
100 1 _aMartín Vigil, José Luis.
_977676
245 1 0 _aJosé Luis Martín Vigil enjuicia su obra
_h[Grabación sonora] /
_cinterviene José Luis Martín Vigil.
260 _aMadrid :
_bAteneo de Madrid,
_c1966.
300 _a1 disco (CD-DA) (1 h. 9 min. 4 seg.) ;
_c12 cm.
490 1 _aEl autor enjuicia su obra
500 _aDatos basados en la invitación.
518 _aActo organizado por el Aula de Literatura del Ateneo de Madrid, grabado en el salón de actos el miércoles 2 de febrero de 1966.
610 2 4 _aAteneo de Madrid-
_xActos culturales-
_y1966-
_vGrabaciones sonoras.
_91880
710 2 _aAteneo de Madrid.
_bAula de Literatura.
_91943
830 0 _aEl autor enjuicia su obra
_9177074
852 _aES-MaACL
_jROT 3/2/6
_94759
_cROT
942 _2udc
999 _c4642
_d4642